Statistics for S Answers Quiz #1

Click here to take the quiz!

General Stats

  • This quiz has been taken 51,966 times
  • The average score is 16 of 24

Answer Stats

ClueAnswer% Correct
North African desertSahara
98%
Italy's largest islandSicily
86%
This is to sun as lunar is to moonSolar
86%
Freud's first nameSigmund
84%
Element with symbol NaSodium
83%
Homer Simpson's hometownSpringfield
81%
Apple's web browserSafari
78%
Voice above altoSoprano
77%
Vast region of Eastern RussiaSiberia
76%
Capital of CaliforniaSacramento
71%
Canal connecting Mediterranean and Red SeasSuez
68%
"Gangnam Style" citySeoul
66%
2012 Bond movieSkyfall
64%
Islamic lawSharia
60%
12 pence, formerlyShilling
58%
Former name of ThailandSiam
57%
Jupiter's dadSaturn
57%
Makers of "Sonic the Hedgehog"Sega
57%
Ravi Shankar's instrumentSitar
56%
Spanish city where Figaro was a barberSeville
56%
Traditional religion of JapanShinto
47%
Hindu god called "The Destroyer"Shiva
45%
Ancient Indian languageSanskrit
42%
WWI battle with over 1 million casualtiesSomme
39%

Score Distribution

Percentile by Number Answered

Percent of People with Each Score

Your Score History

You have not taken this quiz